Click the U.K. Cities - Statistics

General Stats
  • This quiz has been taken 304 times
  • The average score is 11 of 15
Answers on the Grid
Answers color-coded by a green-red scale on the quiz's grid according to % correct below.
London
Oxford
Dublin
Paris
Blackpool
Tampa
Glasgow
Waterford
Belfast
Berlin
Oslo
Leeds
Bath
Moscow
Hong Kong
Birmingham
Cape Town
Perth
Suva
Cardiff
Liverpool
Cork
Plymouth
Washington D.C.
Detroit
Houston
Sheffield
Derby
Dudley
Athens
Cairo
Hull
 
Answer Stats
Answer % Correct
London
98%
Oxford
95%
Glasgow
81%
Birmingham
78%
Leeds
77%
Belfast
76%
Bath
75%
Blackpool
72%
Liverpool
70%
Cardiff
67%
Sheffield
62%
Plymouth
60%
Derby
58%
Hull
58%
Dudley
40%
No matching quizzes found
Score Distribution
Percent of People with Each Score
Percentile by Number Answered
Your Score History
You have not taken this quiz